| 000 | 01924njm0a2200373 4500 | ||
|---|---|---|---|
| 001 | RU\NLR\ONIZ\224470 | ||
| 005 | 20250708192911.0 | ||
| 035 | _a(NLR Aleph) 011903539 | ||
| 035 | _aRU\NLR\ONIZ\GALA\5000033686\20181116110836 | ||
| 071 | 0 | 0 | _a222269-7-; № заказа В 2144 |
| 090 |
_a13283733 _c13283733 |
||
| 100 | _a20181116f19001999|||y0rusy50 ca | ||
| 102 | _aRU | ||
| 126 |
_aaduxdxu ux _bxxx |
||
| 127 | _a000010 | ||
| 135 | _ahonoannnanndn | ||
| 200 | 1 |
_aГори, гори моя звезда _bЗвукозапись _eстаринн. ром. _f[П. Булахов] _gисполн.: В. А. Сабинин |
|
| 210 |
_aРига _cAmour Gramophone record _d[19--] |
||
| 215 | _a1 грп.(10 мин): 78 об/мин, моно; 25 см, в конв. | ||
| 423 | 0 |
_12001#$aСладко пелъ душа соловушко$f[Р.] Глиэръ$gисполн.: В. А. Сабинин, [тенор] _1686##$aЩ943.1-043.3(28)$vLBC/SL$2rubbk _1700#1$9z01790$aГлиэр$bР. М.$gРейнгольд Морицевич$f1874-1956$4230$7ca _1790#1$9z01700$aGliêr$bR. M.$gRejngol`d Moricevič$f1874-1956$4230$7ba _tСладко пелъ душа соловушко _aГлиэр, Рейнгольд Морицевич (1874-1956) |
|
| 606 | 1 |
_aСтаринные русские романсы _xЗвукозапись _yРоссия _z19-20 вв. _2nlr_sh |
|
| 686 |
_aЩ943.1-043.3(28) _vLBC/SL _2rubbk |
||
| 700 | 1 |
_9z01790 _aСабинин _bВ. А. _f1885-1930 _gВладимир Александрович _4590 _4vte _7ca |
|
| 702 | 1 |
_aБулахов _bП. П. _f1822-1885 _gПетр Петрович _4230 _7ca |
|
| 790 | 1 |
_9z01700 _aSabinin _bV. _f1885-1930 _gVladimir _4590 _4vte _7ba |
|
| 801 | 0 |
_aRU _bNLR _c20181116 _gPSBO |
|
| 801 | 1 |
_aRU _bNLR _c20181116 _2rusmarc |
|
| 801 | 2 |
_aRU _bNLR _c20181116 |
|
| 852 |
_aNLR _bМг _j2к.2784 _p9037 _t1 |
||
| 942 | _cREC | ||
| 980 | _aNB | ||
| 980 | _aONIZ | ||